[Event "GBR-ch109 Over 65"]
[Site "Leicester"]
[Date "2023.07.26"]
[Round "3.14"]
[White "Phillips, William"]
[Black "Hutchinson, Norman A"]
[Result "0-1"]
[WhiteElo "1808"]
[BlackElo "1982"]
[PlyCount "78"]
[EventDate "2023.07.24"]
[EventType "swiss"]
[EventRounds "7"]
[EventCountry "GBR"]
[SourceTitle "BritBase"]
[Source "John Saunders"]
[SourceDate "2025.01.31"]
[SourceVersion "1"]
[SourceVersionDate "2025.01.31"]
[SourceQuality "1"]

1. d4 Nf6 2. Nf3 e6 3. Bg5 h6 4. Bxf6 Qxf6 5. e4 d6 6. Nbd2 Nd7 7. Bd3 e5 8. c3 g6 9. O-O Bg7 10. Nc4 O-O 11. Ne3 c6 12. h3 Qe7 13. d5 c5 14. Qc2 Nf6 15. Kh2 Nh5 16. g3 Qd7 17. Ng1 Qc7 18. c4 Bd7 19. Be2 Nf6 20. Ng2 Rae8 21. Rae1 Re7 22. Bf3 Nh7 23. Bg4 f5 24. Bf3 Ng5 25. Nh4 Kh7 26. exf5 Nxf3+ 27. Ngxf3 gxf5 28. g4 Qc8 29. g5 Be8 30. g6+ Kg8 31. Qe2 Bf6 32. Rg1 Rg7 33. Qe3 f4 34. Qe4 Bd7 35. Rg2 Bxh3 36. Reg1 Bxg2 37. Nf5 Bg5 38. Ne7+ Bxe7 39. Rxg2 Qf5 0-1

[Event "GBR-ch109 Over 65"]
[Site "Leicester"]
[Date "2023.07.26"]
[Round "3.15"]
[White "Matthews, Gabriel"]
[Black "Campbell, Ian"]
[Result "1/2-1/2"]
[WhiteElo "1783"]
[BlackElo "1952"]
[PlyCount "58"]
[EventDate "2023.07.24"]
[EventType "swiss"]
[EventRounds "7"]
[EventCountry "GBR"]
[SourceTitle "BritBase"]
[Source "John Saunders"]
[SourceDate "2025.01.31"]
[SourceVersion "1"]
[SourceVersionDate "2025.01.31"]
[SourceQuality "1"]

1. d4 g6 2. Nf3 Bg7 3. e3 d6 4. Be2 Nf6 5. O-O O-O 6. c4 Nbd7 7. Nc3 Re8 8. b4 e5 9. a4 a5 10. b5 exd4 11. exd4 b6 12. h3 Bb7 13. Be3 Ne4 14. Nxe4 Bxe4 15. Rc1 Qe7 16. Qb3 h6 17. Nd2 Bb7 18. Bf3 Bxf3 19. Nxf3 Bf8 20. Rc2 Qe6 21. Rfc1 Rad8 22. Ne1 g5 23. Nd3 f5 24. Re1 Qf7 25. Bd2 Rxe1+ 26. Nxe1 Nf6 27. Qd3 Ne4 28. Bc1 Re8 29. Re2 Nf6 1/2-1/2

[Event "GBR-ch109 Over 65"]
[Site "Leicester"]
[Date "2023.07.26"]
[Round "3.16"]
[White "Daniels, David W"]
[Black "Stokes, Mike R"]
[Result "0-1"]
[WhiteElo "1655"]
[BlackElo "1940"]
[PlyCount "108"]
[EventDate "2023.07.24"]
[EventType "swiss"]
[EventRounds "7"]
[EventCountry "GBR"]
[SourceTitle "BritBase"]
[Source "John Saunders"]
[SourceDate "2025.01.31"]
[SourceVersion "1"]
[SourceVersionDate "2025.01.31"]
[SourceQuality "1"]

1. d4 Nf6 2. Nf3 g6 3. c4 Bg7 4. Nc3 d6 5. e3 O-O 6. Be2 Nbd7 7. O-O e5 8. b4 Re8 9. a4 e4 10. Nd2 c5 11. bxc5 dxc5 12. Nb3 b6 13. Ba3 Bf8 14. Qc2 cxd4 15. Nxd4 Bxa3 16. Rxa3 Nc5 17. Rfa1 Bg4 18. Bf1 Nfd7 19. a5 a6 20. Nd5 Rc8 21. Qb1 bxa5 22. Rxa5 Be6 23. Qa2 Qg5 24. Rb1 Nf6 25. Nxf6+ Qxf6 26. Rb6 Qd8 27. Rc6 Rxc6 28. Nxc6 Qb6 29. Nd4 Ra8 30. Ra3 a5 31. h3 a4 32. Be2 Rb8 33. Nb5 Qa5 34. Qb1 Bd7 35. Kh2 Bxb5 36. cxb5 Qd2 37. Qa2 Qb4 38. Bc4 Rb7 39. g3 Rd7 40. Kg2 Rd2 41. Bxf7+ Kf8 42. Qa1 Kxf7 43. Ra2 Rxa2 44. Qxa2+ Qb3 45. Qd2 Qxb5 46. Qd5+ Ke7 47. Qe5+ Kd7 48. Qg7+ Kd6 49. Qxh7 Ne6 50. Qxg6 a3 51. Qg8 Qb7 52. Qe8 a2 53. Qa4 Qb2 54. Qxe4 a1=Q 0-1

[Event "GBR-ch109 Over 65"]
[Site "Leicester"]
[Date "2023.07.26"]
[Round "3.17"]
[White "Burgess, Ray J"]
[Black "Willoughby, Robert H"]
[Result "1-0"]
[WhiteElo "1924"]
[BlackElo "1564"]
[PlyCount "77"]
[EventDate "2023.07.24"]
[EventType "swiss"]
[EventRounds "7"]
[EventCountry "GBR"]
[SourceTitle "BritBase"]
[Source "John Saunders"]
[SourceDate "2025.01.31"]
[SourceVersion "1"]
[SourceVersionDate "2025.01.31"]
[SourceQuality "1"]

1. d4 Nf6 2. Nf3 e6 3. c4 d5 4. Nc3 dxc4 5. e3 c6 6. Bxc4 b5 7. Bd3 a6 8. O-O Nbd7 9. e4 c5 10. e5 cxd4 11. Nxb5 axb5 12. exf6 gxf6 13. Nxd4 Bb7 14. Nxe6 fxe6 15. Qh5+ Ke7 16. Bd2 Ne5 17. Bb4+ Kd7 18. Bxb5+ Kc7 19. Rfd1 Qb8 20. Rac1+ Kb6 21. Bxf8 Qxf8 22. Qe2 Rg8 23. Rc3 Bxg2 24. Qe3+ Kb7 25. Be2 Bf3+ 26. Kf1 Rg1+ 27. Kxg1 Qg7+ 28. Kf1 Qg2+ 29. Ke1 Qh1+ 30. Kd2 Rd8+ 31. Kc2 Rxd1 32. Bxf3+ Nxf3 33. Qxf3+ Qxf3 34. Rxf3 Rh1 35. Rxf6 Rxh2 36. Kd2 h5 37. Ke2 h4 38. Rxe6 h3 39. Kf3 1-0

[Event "GBR-ch109 Over 65"]
[Site "Leicester"]
[Date "2023.07.26"]
[Round "3.19"]
[White "Collins, Nigel"]
[Black "Stimpson, Philip M"]
[Result "0-1"]
[WhiteElo "1458"]
[BlackElo "1893"]
[PlyCount "82"]
[EventDate "2023.07.24"]
[EventType "swiss"]
[EventRounds "7"]
[EventCountry "GBR"]
[SourceTitle "BritBase"]
[Source "John Saunders"]
[SourceDate "2025.01.31"]
[SourceVersion "1"]
[SourceVersionDate "2025.01.31"]
[SourceQuality "1"]

1. c4 c5 2. Nc3 Nc6 3. g3 g6 4. Bg2 Bg7 5. e4 e6 6. Nge2 Nge7 7. O-O O-O 8. d3 d6 9. Be3 Rb8 10. a4 b6 11. Rb1 Nd4 12. f4 f5 13. Nb5 Nxe2+ 14. Qxe2 a6 15. Nc3 Nc6 16. Qd2 Nd4 17. Ne2 Bb7 18. Nxd4 cxd4 19. Bf2 e5 20. fxe5 dxe5 21. b4 Qd7 22. b5 axb5 23. axb5 fxe4 24. Bxe4 Bxe4 25. dxe4 Qg4 26. Rfe1 Rf3 27. Qa2 Rbf8 28. c5+ Kh8 29. cxb6 Rxf2 30. Qxf2 Rxf2 31. Kxf2 Bf8 32. b7 Bd6 33. Rbc1 Qh3 34. Kg1 Qd7 35. Rc8+ Kg7 36. b8=Q Bxb8 37. Rxb8 d3 38. Rd1 Qa7+ 39. Kf1 Qxb8 40. Rb1 Qb6 41. Ke1 Qg1+ 0-1

[Event "GBR-ch109 Over 65"]
[Site "Leicester"]
[Date "2023.07.26"]
[Round "3.21"]
[White "Ingham, H William"]
[Black "Dhillon, Tarsem"]
[Result "1-0"]
[WhiteElo "1833"]
[BlackElo "1609"]
[PlyCount "105"]
[EventDate "2023.07.24"]
[EventType "swiss"]
[EventRounds "7"]
[EventCountry "GBR"]
[SourceTitle "BritBase"]
[Source "John Saunders"]
[SourceDate "2025.01.31"]
[SourceVersion "1"]
[SourceVersionDate "2025.01.31"]
[SourceQuality "1"]

1. d4 Nf6 2. Nf3 e6 3. e3 b6 4. Bd3 Bb7 5. Nbd2 d5 6. O-O c5 7. b3 Nbd7 8. Bb2 Bd6 9. Ne5 O-O 10. f4 Ne4 11. Nxd7 Qxd7 12. Bxe4 dxe4 13. Qg4 f5 14. Qe2 b5 15. Rad1 Qc6 16. c4 bxc4 17. Nxc4 Ba6 18. Rc1 Be7 19. Qc2 Rfd8 20. Rfd1 Rd5 21. Ne5 Qb5 22. Nc4 Rc8 23. Ne5 cxd4 24. Nc6 Bc5 25. exd4 Qxc6 26. dxc5 Rxc5 27. Qxc5 Qxc5+ 28. Rxc5 Rxc5 29. Rd8+ Kf7 30. Rd7+ Ke8 31. Rxa7 Bd3 32. Ba3 Rc6 33. Kf2 Rc2+ 34. Ke3 Rxg2 35. Re7+ Kd8 36. Rxe6 Kd7 37. Re5 Kc6 38. Rxf5 Rxa2 39. Bc5 Rxh2 40. b4 h5 41. Rg5 h4 42. Rxg7 h3 43. Rg6+ Kd5 44. Rd6+ Kc4 45. Rd4+ Kb5 46. Rd6 Kc4 47. f5 Re2+ 48. Kf4 h2 49. Rh6 Rg2 50. f6 e3 51. Kxe3 Rg6 52. Rh4+ Kd5 53. f7 1-0

[Event "GBR-ch109 Over 65"]
[Site "Leicester"]
[Date "2023.07.26"]
[Round "3.22"]
[White "Tidmarsh, David A"]
[Black "Scowen, Roger S"]
[Result "1-0"]
[WhiteElo "1761"]
[BlackElo "1831"]
[PlyCount "117"]
[EventDate "2023.07.24"]
[EventType "swiss"]
[EventRounds "7"]
[EventCountry "GBR"]
[SourceTitle "BritBase"]
[Source "John Saunders"]
[SourceDate "2025.01.31"]
[SourceVersion "1"]
[SourceVersionDate "2025.01.31"]
[SourceQuality "1"]

1. e4 c6 2. d4 d5 3. e5 Bf5 4. h4 Qc8 5. Bd3 Bxd3 6. Qxd3 Na6 7. c3 c5 8. a3 c4 9. Qf3 e6 10. Bg5 h6 11. Bf4 Ne7 12. Ne2 Qd7 13. Ng3 g6 14. Qd1 Bg7 15. Nd2 O-O-O 16. Qc2 Nc7 17. O-O-O Qb5 18. Ne2 Nc6 19. Kb1 Na5 20. Nc1 Bf8 21. Ka2 Kb8 22. g4 Rc8 23. Be3 Na8 24. f4 Qe8 25. Rdf1 h5 26. f5 hxg4 27. fxg6 fxg6 28. Rfg1 Bh6 29. Bxh6 Rxh6 30. Rxg4 Nc7 31. Ne2 Qe7 32. Nf3 Rf8 33. Nf4 Qf7 34. Ng5 Qf5 35. Qg2 Nb3 36. Re1 Nd2 37. Rc1 Ne4 38. Ngh3 Rg8 39. Rg1 a6 40. Ka1 Ka7 41. h5 g5 42. Nxg5 Rxg5 43. Rxg5 Qxf4 44. Rg7 Kb6 45. Qc2 Rxh5 46. Qa4 Rg5 47. Qb4+ Nb5 48. R7xg5 a5 49. Qe7 Nxg5 50. Qxg5 Qxg5 51. Rxg5 a4 52. Rg6 Nc7 53. Kb1 Kc6 54. Kc1 b5 55. Kd2 Kd7 56. Ke3 Kd8 57. Kf4 Kd7 58. Kg5 Ne8 59. Rg8 1-0

[Event "GBR-ch109 Over 65"]
[Site "Leicester"]
[Date "2023.07.26"]
[Round "3.23"]
[White "Erdogan, Hassan"]
[Black "Graham, Neil"]
[Result "1/2-1/2"]
[WhiteElo "1829"]
[BlackElo "1764"]
[PlyCount "47"]
[EventDate "2023.07.24"]
[EventType "swiss"]
[EventRounds "7"]
[EventCountry "GBR"]
[SourceTitle "BritBase"]
[Source "John Saunders"]
[SourceDate "2025.01.31"]
[SourceVersion "1"]
[SourceVersionDate "2025.01.31"]
[SourceQuality "1"]

1. d4 d5 2. Nf3 Bf5 3. e3 e6 4. Bd3 c6 5. Bxf5 exf5 6. O-O Nf6 7. Nbd2 Ne4 8. c4 dxc4 9. Nxc4 b5 10. Nce5 Bd6 11. Qc2 O-O 12. Nxc6 Qc8 13. d5 Nxc6 14. dxc6 Qc7 15. h3 Rac8 16. Nd4 g6 17. Bd2 a6 18. Rac1 Rfd8 19. Rfd1 Bh2+ 20. Kf1 Be5 21. Nf3 Bf6 22. Be1 Rxd1 23. Qxd1 Bxb2 24. Rc2 1/2-1/2

[Event "GBR-ch109 Over 65"]
[Site "Leicester"]
[Date "2023.07.26"]
[Round "3.24"]
[White "Gunn, Michael J"]
[Black "Dennis, Nigel W"]
[Result "1-0"]
[WhiteElo "1606"]
[BlackElo "1803"]
[PlyCount "97"]
[EventDate "2023.07.24"]
[EventType "swiss"]
[EventRounds "7"]
[EventCountry "GBR"]
[SourceTitle "BritBase"]
[Source "John Saunders"]
[SourceDate "2025.01.31"]
[SourceVersion "1"]
[SourceVersionDate "2025.01.31"]
[SourceQuality "1"]

1. e4 c5 2. c3 d5 3. exd5 Qxd5 4. Nf3 Nc6 5. d4 e6 6. Be2 Nf6 7. O-O Be7 8. Be3 cxd4 9. cxd4 O-O 10. Nc3 Qa5 11. a3 a6 12. Qc2 Rd8 13. b4 Qc7 14. Rac1 Bd7 15. Rfd1 Be8 16. Ne4 Nxe4 17. Qxe4 h6 18. Bd3 Bf6 19. Qh7+ Kf8 20. d5 Rxd5 21. Bc5+ Rxc5 22. Rxc5 Qb6 23. Qe4 a5 24. Rb5 Qa7 25. bxa5 Nxa5 26. Rbb1 Bc6 27. Qe2 Bd5 28. Be4 Bxe4 29. Qxe4 Nc6 30. Rd7 Qxa3 31. Rdxb7 Nd8 32. Qb4+ Ke8 33. Qxa3 Rxa3 34. R7b3 Ra7 35. Rd1 Rc7 36. Rb8 Rc5 37. g3 Ra5 38. Kg2 h5 39. h4 g6 40. Ng5 Be7 41. Nf3 Bf6 42. Ne1 Ra7 43. Rc8 Rb7 44. Nc2 Rb5 45. Ne3 Be7 46. Nc4 Rb4 47. Ne5 Rb6 48. Ra8 Bf8 49. Rdxd8+ 1-0

[Event "GBR-ch109 Over 65"]
[Site "Leicester"]
[Date "2023.07.26"]
[Round "3.25"]
[White "Ramage, Colin R"]
[Black "Matthew, Ian G"]
[Result "1-0"]
[WhiteElo "1802"]
[BlackElo "1745"]
[PlyCount "51"]
[EventDate "2023.07.24"]
[EventType "swiss"]
[EventRounds "7"]
[EventCountry "GBR"]
[SourceTitle "BritBase"]
[Source "John Saunders"]
[SourceDate "2025.01.31"]
[SourceVersion "1"]
[SourceVersionDate "2025.01.31"]
[SourceQuality "1"]

1. e4 c5 2. d4 cxd4 3. c3 Nf6 4. e5 Nd5 5. Bc4 Qc7 6. Qe2 Nb6 7. Bb3 d5 8. exd6 Qxd6 9. Nf3 Nc6 10. O-O g6 11. cxd4 Nd5 12. Nc3 Be6 13. Nb5 Qd8 14. Ng5 a6 15. Nxe6 fxe6 16. Qxe6 axb5 17. Bxd5 Qd6 18. Qf7+ Kd7 19. Re1 Nxd4 20. Bf4 Qa6 21. Be6+ Kc6 22. Rac1+ Kb6 23. Be5 Bh6 24. Bxd4+ Ka5 25. Qxe7 Bxc1 26. Qa3# 1-0

[Event "GBR-ch109 Over 65"]
[Site "Leicester"]
[Date "2023.07.27"]
[Round "4.1"]
[White "Surtees, Michael J"]
[Black "Chapman, Terry PD"]
[Result "0-1"]
[WhiteElo "2059"]
[BlackElo "2248"]
[PlyCount "104"]
[EventDate "2023.07.24"]
[EventType "swiss"]
[EventRounds "7"]
[EventCountry "GBR"]
[SourceTitle "BritBase"]
[Source "John Saunders"]
[SourceDate "2025.01.31"]
[SourceVersion "1"]
[SourceVersionDate "2025.01.31"]
[SourceQuality "1"]

1. e4 c6 2. Ne2 d5 3. e5 c5 4. b4 cxb4 5. a3 b3 6. cxb3 d4 7. Ng3 Nc6 8. f4 h5 9. d3 Bg4 10. Be2 Bxe2 11. Qxe2 h4 12. Ne4 e6 13. Nbd2 b5 14. Bb2 Be7 15. Rc1 Qd5 16. Qf3 Rc8 17. f5 Kd8 18. O-O Nxe5 19. Rxc8+ Kxc8 20. Qh3 Nh6 21. fxe6 fxe6 22. b4 Kb8 23. Nc5 Bxc5 24. bxc5 Nf5 25. Rxf5 exf5 26. Qxf5 Re8 27. h3 g6 28. Qg5 Qxc5 29. Ne4 Qd5 30. Kh1 Rd8 31. Nf6 Qd6 32. Bc1 Nxd3 33. Bd2 Qc5 34. Qxh4 Qf5 35. Ne4 Re8 36. Ng3 Qf2 37. Qg5 Ne5 38. Bf4 Qe1+ 39. Kh2 Kb7 40. Bd2 Qf2 41. Kh1 Kc6 42. Ne4 Qf5 43. Qh4 Nf3 44. Qg3 Rxe4 45. gxf3 Re2 46. Bc1 Qc2 47. Qg1 Rh2+ 48. Qxh2 Qxc1+ 49. Qg1 Qxg1+ 50. Kxg1 a5 51. Kf2 b4 52. axb4 a4 0-1

[Event "GBR-ch109 Over 65"]
[Site "Leicester"]
[Date "2023.07.27"]
[Round "4.2"]
[White "Punnett, Alan Kenneth"]
[Black "De Coverly, Roger D"]
[Result "1/2-1/2"]
[WhiteElo "2051"]
[BlackElo "1955"]
[PlyCount "120"]
[EventDate "2023.07.24"]
[EventType "swiss"]
[EventRounds "7"]
[EventCountry "GBR"]
[SourceTitle "BritBase"]
[Source "John Saunders"]
[SourceDate "2025.01.31"]
[SourceVersion "1"]
[SourceVersionDate "2025.01.31"]
[SourceQuality "1"]

1. e4 c5 2. Nf3 a6 3. c4 e6 4. Nc3 Nc6 5. g3 Qc7 6. Bg2 Nf6 7. O-O Be7 8. d4 cxd4 9. Nxd4 O-O 10. Be3 Ne5 11. Rc1 d6 12. b3 Rb8 13. h3 h5 14. f4 Ned7 15. Nf3 b6 16. Ng5 Bb7 17. Qe2 Rfe8 18. Bd4 e5 19. Nd5 Qd8 20. fxe5 dxe5 21. Bb2 b5 22. Nxe7+ Qxe7 23. cxb5 axb5 24. Rc7 Qd6 25. Rfc1 Qb6+ 26. Kh2 Ra8 27. a3 Rac8 28. Rxc8 Rxc8 29. Rxc8+ Bxc8 30. Nf3 Qb8 31. Qc2 Bb7 32. Ng5 Qd6 33. Qc3 Qb6 34. b4 h4 35. Qb3 hxg3+ 36. Kxg3 Nh5+ 37. Kh2 Qf6 38. Bc1 Nf4 39. Qg3 Ne2 40. Qe3 Nxc1 41. Qxc1 Qf4+ 42. Qxf4 exf4 43. Nf3 Bxe4 44. Nd4 Bd3 45. Bc6 Ne5 46. Bxb5 Be4 47. Kg1 g5 48. a4 Kf8 49. Kf2 Ke7 50. a5 Kd6 51. Be2 Nd3+ 52. Bxd3 Bxd3 53. b5 Kc5 54. a6 Kxd4 55. Kf3 Be4+ 56. Kg4 f5+ 57. Kxg5 Kc5 58. Kxf4 Kxb5 59. a7 Kb6 60. a8=Q Bxa8 1/2-1/2

[Event "GBR-ch109 Over 65"]
[Site "Leicester"]
[Date "2023.07.27"]
[Round "4.3"]
[White "Myall, Ivan J"]
[Black "Bray, David J"]
[Result "1/2-1/2"]
[WhiteElo "1927"]
[BlackElo "1975"]
[PlyCount "45"]
[EventDate "2023.07.24"]
[EventType "swiss"]
[EventRounds "7"]
[EventCountry "GBR"]
[SourceTitle "BritBase"]
[Source "John Saunders"]
[SourceDate "2025.01.31"]
[SourceVersion "1"]
[SourceVersionDate "2025.01.31"]
[SourceQuality "1"]

1. e4 c5 2. c3 Nf6 3. e5 Nd5 4. d4 cxd4 5. Nf3 Nc6 6. cxd4 d6 7. Bc4 Nb6 8. Bb5 dxe5 9. Nxe5 Bd7 10. Nc3 Nxe5 11. dxe5 Bxb5 12. Nxb5 Qxd1+ 13. Kxd1 Nd5 14. e6 g6 15. Ke2 fxe6 16. Rd1 Bg7 17. Nd4 Kf7 18. Be3 Rac8 19. Rd2 Nb6 20. Nf3 h6 21. Bxb6 axb6 22. Rad1 Rc7 23. Ne1 1/2-1/2

[Event "GBR-ch109 Over 65"]
[Site "Leicester"]
[Date "2023.07.27"]
[Round "4.4"]
[White "Spanton, Timothy R"]
[Black "Jackson, Sheila"]
[Result "0-1"]
[WhiteElo "1800"]
[BlackElo "2039"]
[PlyCount "44"]
[EventDate "2023.07.24"]
[EventType "swiss"]
[EventRounds "7"]
[EventCountry "GBR"]
[SourceTitle "BritBase"]
[Source "John Saunders"]
[SourceDate "2025.01.31"]
[SourceVersion "1"]
[SourceVersionDate "2025.01.31"]
[SourceQuality "1"]

1. e4 c5 2. Nf3 e6 3. d3 d5 4. Qe2 d4 5. g3 Nc6 6. Bg2 e5 7. Nbd2 Be7 8. Nc4 Bf6 9. a4 Be6 10. b3 h6 11. Ba3 b6 12. h4 Qd7 13. Qd2 Nge7 14. Ng1 g6 15. Bh3 Nc8 16. Qe2 Nd6 17. Nxd6+ Qxd6 18. Bxe6 Qxe6 19. f4 h5 20. O-O-O Qg4 21. Qf2 Bg7 22. Kb1 Qxd1+ 0-1

[Event "GBR-ch109 Over 65"]
[Site "Leicester"]
[Date "2023.07.27"]
[Round "4.5"]
[White "Giulian, Philip Maurice"]
[Black "Burgess, Ray J"]
[Result "1-0"]
[WhiteElo "2141"]
[BlackElo "1924"]
[PlyCount "65"]
[EventDate "2023.07.24"]
[EventType "swiss"]
[EventRounds "7"]
[EventCountry "GBR"]
[SourceTitle "BritBase"]
[Source "John Saunders"]
[SourceDate "2025.01.31"]
[SourceVersion "1"]
[SourceVersionDate "2025.01.31"]
[SourceQuality "1"]

1. e4 e5 2. Nf3 Nc6 3. g3 Nf6 4. d3 Be7 5. Bg2 d6 6. O-O h6 7. c3 Bg4 8. h3 Bxf3 9. Qxf3 Qd7 10. Na3 O-O 11. Nc4 Rfe8 12. Ne3 Bf8 13. Nf5 Qd8 14. g4 Nh7 15. Qg3 Ne7 16. f4 Nxf5 17. gxf5 Kh8 18. Be3 Nf6 19. Qf3 c6 20. Rae1 Qa5 21. a3 Rad8 22. Qf2 Ra8 23. Bf3 c5 24. Kh1 Qb5 25. Qc2 Rac8 26. Rg1 Qd7 27. Rg3 b6 28. Qg2 d5 29. Rg1 Bd6 30. Rxg7 Rg8 31. fxe5 Bxe5 32. Bxh6 d4 33. Qg5 1-0

[Event "GBR-ch109 Over 65"]
[Site "Leicester"]
[Date "2023.07.27"]
[Round "4.6"]
[White "Lawson, Maurice E"]
[Black "Binks, Michael E"]
[Result "1-0"]
[WhiteElo "1972"]
[BlackElo "2140"]
[PlyCount "47"]
[EventDate "2023.07.24"]
[EventType "swiss"]
[EventRounds "7"]
[EventCountry "GBR"]
[SourceTitle "BritBase"]
[Source "John Saunders"]
[SourceDate "2025.01.31"]
[SourceVersion "1"]
[SourceVersionDate "2025.01.31"]
[SourceQuality "1"]

1. e4 c5 2. Nc3 e6 3. g3 Nc6 4. Bg2 g6 5. d3 Bg7 6. Be3 b6 7. Qd2 Bb7 8. Nge2 e5 9. O-O-O Nge7 10. Bh6 Bf6 11. h4 Ng8 12. Be3 Nge7 13. h5 Nd4 14. Kb1 Qc7 15. Bg5 Bxg5 16. Qxg5 Nxe2 17. Nxe2 Qd6 18. c3 h6 19. Qe3 g5 20. f3 Qc7 21. d4 d6 22. Bh3 O-O 23. dxe5 dxe5 24. Rd7 1-0

[Event "GBR-ch109 Over 65"]
[Site "Leicester"]
[Date "2023.07.27"]
[Round "4.7"]
[White "Orton, Stephen LA"]
[Black "Reuben, Stewart"]
[Result "1-0"]
[WhiteElo "2133"]
[BlackElo "1901"]
[PlyCount "79"]
[EventDate "2023.07.24"]
[EventType "swiss"]
[EventRounds "7"]
[EventCountry "GBR"]
[SourceTitle "BritBase"]
[Source "John Saunders"]
[SourceDate "2025.01.31"]
[SourceVersion "1"]
[SourceVersionDate "2025.01.31"]
[SourceQuality "1"]

1. e4 c5 2. Nf3 Nc6 3. Nc3 g6 4. d4 cxd4 5. Nxd4 Bg7 6. Be3 Nf6 7. Bc4 O-O 8. Bb3 a6 9. f3 Qc7 10. Qd2 b5 11. O-O-O Na5 12. h4 h5 13. Bh6 e6 14. Bxg7 Kxg7 15. g4 Nxb3+ 16. axb3 Rd8 17. g5 Ne8 18. f4 Bb7 19. Nf3 d5 20. Qd4+ Kg8 21. e5 Ng7 22. Rh2 Nf5 23. Qd3 b4 24. Ne2 a5 25. Ned4 Ba6 26. Qd2 Ng3 27. f5 Ne4 28. Qg2 exf5 29. e6 Qg3 30. exf7+ Kxf7 31. Qxg3 Nxg3 32. Ne5+ Kg7 33. Ne6+ Kg8 34. Nxd8 Rxd8 35. Nxg6 Ne2+ 36. Kd2 Re8 37. Re1 Kf7 38. Rhxe2 Bxe2 39. Nf4 Bf3 40. g6+ 1-0

[Event "GBR-ch109 Over 65"]
[Site "Leicester"]
[Date "2023.07.27"]
[Round "4.8"]
[White "Bhopal, Rajinder S"]
[Black "Stimpson, Philip M"]
[Result "0-1"]
[WhiteElo "2021"]
[BlackElo "1893"]
[PlyCount "84"]
[EventDate "2023.07.24"]
[EventType "swiss"]
[EventRounds "7"]
[EventCountry "GBR"]
[SourceTitle "BritBase"]
[Source "John Saunders"]
[SourceDate "2025.01.31"]
[SourceVersion "1"]
[SourceVersionDate "2025.01.31"]
[SourceQuality "1"]

1. Nf3 c5 2. g3 g6 3. Bg2 Bg7 4. O-O Nc6 5. d3 e6 6. e4 d6 7. c3 Nf6 8. h3 O-O 9. a4 Qc7 10. Na3 a6 11. Be3 b6 12. Re1 Bb7 13. Qc2 d5 14. e5 Nd7 15. Bf4 Ndxe5 16. Nxe5 Bxe5 17. Rxe5 Nxe5 18. Qe2 f6 19. d4 g5 20. Bd2 cxd4 21. cxd4 Nc4 22. Qxe6+ Qf7 23. Qxf7+ Rxf7 24. Bc3 Re8 25. Bf3 Rfe7 26. Nc2 a5 27. b3 Nd6 28. Ne3 Rxe3 29. fxe3 Rxe3 30. Be1 Rxf3 31. Rb1 Rd3 32. b4 axb4 33. Rxb4 Rd1 34. Rxb6 Rxe1+ 35. Kf2 Re6 36. Kf3 Kf7 37. a5 Ba8 38. Ra6 Bb7 39. Rb6 Bc8 40. Rc6 Bd7 41. Rc7 Ke7 42. h4 Nb5 0-1

[Event "GBR-ch109 Over 65"]
[Site "Leicester"]
[Date "2023.07.27"]
[Round "4.9"]
[White "Stokes, Mike R"]
[Black "Hutchinson, Paul A"]
[Result "1/2-1/2"]
[WhiteElo "1940"]
[BlackElo "1996"]
[PlyCount "74"]
[EventDate "2023.07.24"]
[EventType "swiss"]
[EventRounds "7"]
[EventCountry "GBR"]
[SourceTitle "BritBase"]
[Source "John Saunders"]
[SourceDate "2025.01.31"]
[SourceVersion "1"]
[SourceVersionDate "2025.01.31"]
[SourceQuality "1"]

1. e4 d5 2. exd5 Qxd5 3. Nc3 Qa5 4. d4 Nf6 5. Nf3 Bf5 6. Ne5 c6 7. g4 Be6 8. Bg2 Nbd7 9. Nxd7 Bxd7 10. h3 h5 11. g5 Nd5 12. Bxd5 cxd5 13. O-O Bxh3 14. Re1 Bg4 15. Qd3 g6 16. Bf4 a6 17. b4 Qd8 18. Re5 Bg7 19. Rxd5 Qb6 20. Re1 O-O 21. Rxe7 Bf5 22. Qe3 Qxb4 23. Bd6 Qb2 24. Be5 Qxc2 25. Bxg7 Kxg7 26. Ne2 Rac8 27. Qe5+ Kg8 28. Rc5 Rxc5 29. dxc5 Be6 30. Nf4 Bxa2 31. Rxb7 Qd1+ 32. Kh2 Qf3 33. Nxg6 Qxf2+ 34. Kh1 Qf1+ 35. Kh2 Qf2+ 36. Kh1 Qf3+ 37. Kh2 Qf2+ 1/2-1/2

[Event "GBR-ch109 Over 65"]
[Site "Leicester"]
[Date "2023.07.27"]
[Round "4.10"]
[White "Moore, Geoffrey R"]
[Black "Moore, John C"]
[Result "0-1"]
[WhiteElo "1994"]
[BlackElo "1886"]
[PlyCount "92"]
[EventDate "2023.07.24"]
[EventType "swiss"]
[EventRounds "7"]
[EventCountry "GBR"]
[SourceTitle "BritBase"]
[Source "John Saunders"]
[SourceDate "2025.01.31"]
[SourceVersion "1"]
[SourceVersionDate "2025.01.31"]
[SourceQuality "1"]

1. e4 e5 2. Nf3 Nc6 3. Nc3 Nf6 4. d4 exd4 5. Nd5 Be7 6. Nxd4 Nxd5 7. exd5 Nxd4 8. Qxd4 O-O 9. Be3 Bf6 10. Qb4 a5 11. Qa3 d6 12. O-O-O Bg4 13. f3 Bd7 14. g4 Re8 15. Bf2 Bg5+ 16. Kb1 b5 17. h4 Bf4 18. Bd3 c5 19. Rdg1 c4 20. Bxh7+ Kxh7 21. Qc3 Qf6 22. Bd4 Be5 23. Bxe5 Qxe5 24. Qd2 Qe3 25. Qg2 c3 26. g5 Bf5 27. g6+ fxg6 28. h5 g5 29. Qxg5 Qxg5 30. Rxg5 Re5 31. Rhg1 Ra7 32. bxc3 Rae7 33. Kb2 Rxd5 34. f4 Rf7 35. R1g2 Be4 36. Rxd5 Bxd5 37. Rg5 Bc4 38. a4 Rb7 39. Rg6 d5 40. axb5 Bxb5 41. Rg5 Bc4+ 42. Ka3 Rf7 43. Ka4 Kh6 44. Kxa5 Rxf4 45. Rg6+ Kh7 46. Kb6 Rf6+ 0-1

[Event "GBR-ch109 Over 65"]
[Site "Leicester"]
[Date "2023.07.27"]
[Round "4.11"]
[White "Habershon, Paul F"]
[Black "Kelly, Ian G"]
[Result "0-1"]
[WhiteElo "1890"]
[BlackElo "1987"]
[PlyCount "38"]
[EventDate "2023.07.24"]
[EventType "swiss"]
[EventRounds "7"]
[EventCountry "GBR"]
[SourceTitle "BritBase"]
[Source "John Saunders"]
[SourceDate "2025.01.31"]
[SourceVersion "1"]
[SourceVersionDate "2025.01.31"]
[SourceQuality "1"]

1. Nf3 Nf6 2. d4 c5 3. e3 b6 4. c4 e6 5. Nc3 g6 6. Be2 Bg7 7. O-O O-O 8. b3 Bb7 9. Bb2 Qe7 10. Qc2 Rd8 11. Rad1 Nc6 12. dxc5 bxc5 13. Rd2 d5 14. cxd5 exd5 15. Ba3 Nb4 16. Qb1 Ne4 17. Nxe4 dxe4 18. Bxb4 exf3 19. Bxf3 Bxf3 0-1